Statistiken für Borussia Dortmund: Meistermannschaft 2010/2011

Klicken Sie hier um das Quiz zu spielen!

Allgemein

  • Dieses Quiz wurde 404 mal gespielt
    (140 seit der letzten Aktualisierung)
  • Das Durchschnittsergebnis liegt bei 14 aus 23

Antwortstatistiken

PositionEinsätzeAntwort% Korrekt
TW33Roman Weidenfeller
99%
VER29Mats Hummels
97%
VER31Marcel Schmelzer
91%
ST31Robert Lewandowski
90%
MF31Mario Götze
86%
ST30Lucas Barrios
84%
VER29Neven Subotic
84%
MF6Sebastian Kehl
81%
MF32Kevin Großkreutz
72%
VER31Lukasz Piszczek
69%
TW1Mitchell Langerak
68%
MF30Nuri Sahin
67%
MF17Shinji Kagawa
65%
VER3Dede
61%
MF27Jakub Blaszczykowski
60%
MF30Sven Bender
52%
VER12Felipe Santana
48%
ST7Mohamed Zidan
34%
VER6Patrick Owomoyela
33%
MF20Antonio da Silva
31%
MF5Markus Feulner
15%
MF/ST4Marco Stiepermann
13%
ST1Dimitar Rangelov
9%

Verteilung der Resultate

Perzentil nach korrekt beantworteten Fragen

Anzahl Personen mit jedem Resultat

Ihre Resultats-Entwicklung

Sie haben dieses Quiz seit der letzten Aktualisierung nicht gespielt